[Event "BL2 Ost 1617 (Women)"]
[Site "Germany"]
[Date "2017.03.26"]
[Round "7.3"]
[White "Pachow, Steffi"]
[Black "Mikulewicz, Joanna"]
[Result "0-1"]
[WhiteElo "1968"]
[BlackElo "2066"]
[PlyCount "106"]
[EventDate "2016.10.22"]
[EventType "team-tourn"]
[EventRounds "7"]
[EventCountry "GER"]
[SourceTitle "EXT 2018"]
[Source "ChessBase"]
[SourceDate "2017.10.13"]
[SourceVersion "1"]
[SourceVersionDate "2017.10.13"]
[SourceQuality "1"]
[WhiteTeam "Potsdam USV (W)"]
[BlackTeam "Leipzig Allianz (W)"]
[WhiteTeamCountry "GER"]
[BlackTeamCountry "GER"]

1. d4 Nf6 2. Nf3 e6 3. c4 b6 4. e3 Bb7 5. Bd3 Bb4+ 6. Bd2 Be7 7. 0-0 0-0 8. Bc3 d5 9. cxd5 exd5 10. Nbd2 Bd6 11. Ne5 Nbd7 12. f4 Ne4 13. Nxe4 dxe4 14. Bc4 Nf6 15. g4 Nd5 16. Qe1 f6 17. Rd1 c6 18. h4 Kh8 19. g5 fxe5 20. dxe5 Bc5 21. Bd4 Qc8 22. Qg3 Qf5 23. Bxc5 bxc5 24. Be2 Bc8 25. Kh2 Rb8 26. Rd2 Be6 27. Rc1 Rb6 28. Rxc5 Rfb8 29. b3 Qf8 30. Rc1 Ne7 31. h5 Nf5 32. Qf2 Bd5 33. Bg4 Re8 34. Re2 Be6 35. Qg2 Nxe3 36. Rxe3 Qxf4+ 37. Qg3 Qxg4 38. Qxg4 Bxg4 39. Rxe4 Bxh5 40. e6 Bf3 41. Rf4 Bd5 42. e7 Rbb8 43. Re1 g6 44. Rf2 Kg7 45. Kg3 Rb7 46. Rfe2 Rb4 47. Re5 a5 48. R1e3 a4 49. bxa4 Rxa4 50. a3 Kf7 51. Kf2 Ra7 52. Rh3 Kg7 53. Rhe3 h5 0-1

[Event "POL-chT 2nd League"]
[Site "Jastrzebia Gora"]
[Date "2016.09.10"]
[Round "8.30"]
[White "Mikulewicz, Joanna"]
[Black "Bednarska, Malgorzata"]
[Result "0-1"]
[WhiteElo "2075"]
[BlackElo "2010"]
[PlyCount "118"]
[EventDate "2016.09.03"]
[EventType "team-swiss"]
[EventRounds "9"]
[EventCountry "POL"]
[SourceTitle "EXT 2019"]
[Source "ChessBase"]
[SourceDate "2018.10.10"]
[SourceVersion "1"]
[SourceVersionDate "2018.10.10"]
[SourceQuality "1"]
[WhiteTeam "Czerwionka Leszczyny Skoczek"]
[BlackTeam "Warszawa YMCA"]
[WhiteTeamCountry "POL"]
[BlackTeamCountry "POL"]

1. e4 c5 2. Nf3 d6 3. d4 cxd4 4. Nxd4 Nf6 5. Nc3 g6 6. Be3 Bg7 7. f3 0-0 8. Qd2 Nc6 9. Bc4 a5 10. 0-0-0 a4 11. a3 Qa5 12. Ncb5 Bd7 13. Qxa5 Nxa5 14. Bd3 Rfc8 15. Nc3 Nc4 16. Bxc4 Rxc4 17. g4 e6 18. Nde2 Ne8 19. Bd4 Rac8 20. Bxg7 Kxg7 21. Rd4 Kf8 22. h4 h6 23. Rxc4 Rxc4 24. b3 axb3 25. cxb3 Rc8 26. Kb2 Ke7 27. f4 Nc7 28. h5 Rg8 29. hxg6 Rxg6 30. Rh4 f5 31. gxf5 exf5 32. Rh2 fxe4 33. Nxe4 Nd5 34. N4c3 Nxc3 35. Kxc3 Bg4 36. Nd4 h5 37. Kd3 Rg8 38. Ke4 Rc8 39. b4 Rc3 40. Nb5 Rc4+ 41. Ke3 d5 42. f5 Re4+ 43. Kd3 Rf4 44. Nc3 Rxf5 45. a4 Kd6 46. a5 Rf3+ 47. Kd2 Rf4 48. b5 Rb4 49. Rh1 d4 50. Ne4+ Kd5 51. Nf6+ Kc4 52. a6 bxa6 53. bxa6 Rb2+ 54. Kc1 Ra2 55. Kb1 Rxa6 56. Nxh5 Bf5+ 57. Kb2 Rb6+ 58. Ka2 Kc3 59. Rc1+ Bc2 0-1

[Event "POL-chT 2nd League"]
[Site "Jastrzebia Gora"]
[Date "2015.09.09"]
[Round "5.42"]
[White "Mikulewicz, Joanna"]
[Black "Zdziarska, Lidia"]
[Result "1-0"]
[WhiteElo "2069"]
[BlackElo "1913"]
[PlyCount "41"]
[EventDate "2015.09.05"]
[EventType "team-swiss"]
[EventRounds "9"]
[EventCountry "POL"]
[SourceTitle "EXT 2017"]
[Source "ChessBase"]
[SourceDate "2016.10.25"]
[SourceVersion "1"]
[SourceVersionDate "2016.10.25"]
[SourceQuality "1"]
[WhiteTeam "Ostroda Ostrodzianka"]
[BlackTeam "Wroclaw AZS Politechnika"]
[WhiteTeamCountry "POL"]
[BlackTeamCountry "POL"]

1. e4 c5 2. Nf3 e6 3. d4 cxd4 4. Nxd4 Nc6 5. Nc3 Qc7 6. Be3 a6 7. Nxc6 bxc6 8. Bd3 d5 9. f4 d4 10. Bxd4 Qxf4 11. Qf3 Qc7 12. 0-0 c5 13. Be5 Qb7 14. Nb5 f6 15. Nc7+ Kf7 16. Qh5+ g6 17. Qg5 Be7 18. Rxf6+ Nxf6 19. Rf1 Rf8 20. Rxf6+ Kg8 21. Rxg6+ 1-0

[Event "POL-chT 2nd League"]
[Site "Jastrzebia Gora"]
[Date "2015.09.08"]
[Round "4.60"]
[White "Kubicka, Anna"]
[Black "Mikulewicz, Joanna"]
[Result "0-1"]
[WhiteElo "2171"]
[BlackElo "2069"]
[PlyCount "66"]
[EventDate "2015.09.05"]
[EventType "team-swiss"]
[EventRounds "9"]
[EventCountry "POL"]
[SourceTitle "EXT 2017"]
[Source "ChessBase"]
[SourceDate "2016.10.25"]
[SourceVersion "1"]
[SourceVersionDate "2016.10.25"]
[SourceQuality "1"]
[WhiteTeam "Prudnik LKS Zarzewie"]
[BlackTeam "Ostroda Ostrodzianka"]
[WhiteTeamCountry "POL"]
[BlackTeamCountry "POL"]

1. e4 c5 2. Nf3 e6 3. d4 cxd4 4. Nxd4 Nf6 5. Bd3 Nc6 6. Be3 d5 7. Nxc6 bxc6 8. e5 Nd7 9. f4 c5 10. c4 Bb7 11. 0-0 g6 12. Qg4 d4 13. Bf2 Qb6 14. b3 Bg7 15. Nd2 0-0 16. Bh4 f5 17. exf6 Nxf6 18. Bxf6 Rxf6 19. Rae1 Raf8 20. Ne4 Bxe4 21. Rxe4 e5 22. fxe5 Rxf1+ 23. Bxf1 Bxe5 24. Rxe5 Rxf1+ 25. Kxf1 Qf6+ 26. Rf5 Qxf5+ 27. Qxf5 gxf5 28. b4 cxb4 29. Ke2 a5 30. Kd3 a4 31. Kxd4 a3 32. c5 b3 33. c6 bxa2 0-1

[Event "BL 1415 (Women)"]
[Site "Germany"]
[Date "2014.11.30"]
[Round "4.2"]
[White "Mikulewicz, Joanna"]
[Black "Moser, Eva"]
[Result "0-1"]
[WhiteElo "2086"]
[BlackElo "2440"]
[PlyCount "82"]
[EventDate "2014.09.27"]
[EventType "team-tourn"]
[EventRounds "11"]
[EventCountry "GER"]
[SourceTitle "CBM 166 Extra"]
[Source "ChessBase"]
[SourceDate "2015.06.18"]
[SourceVersion "1"]
[SourceVersionDate "2015.06.18"]
[SourceQuality "1"]
[WhiteTeam "Leipzig Allianz (W)"]
[BlackTeam "Baden-Baden (W)"]
[WhiteTeamCountry "GER"]
[BlackTeamCountry "GER"]

1. e4 d6 2. d4 Nf6 3. Nc3 Nbd7 4. Nf3 e5 5. Bc4 Be7 6. 0-0 0-0 7. h3 c6 8. a4 a5 9. Ba2 Qc7 10. Be3 Nb8 11. Nh2 Na6 12. Qf3 Nb4 13. Bb1 Be6 14. Ne2 d5 15. Ng3 dxe4 16. Nxe4 Nxe4 17. Qxe4 Bd5 18. Qg4 f5 19. Qd1 Bd6 20. dxe5 Bxe5 21. Nf3 Bxb2 22. c3 Bxc3 23. Ra3 Bb2 24. Ra2 Nxa2 25. Qc2 Bf6 26. Bxa2 Bxa2 27. Qxa2+ Qf7 28. Qb1 g6 29. h4 b5 30. axb5 cxb5 31. Qxb5 a4 32. Ne5 Bxe5 33. Qxe5 Rfe8 34. Qc3 Qb3 35. Qxb3+ axb3 36. Rb1 Rab8 37. Kf1 Rec8 38. Ke2 Kf7 39. Kd3 Rb7 40. Rb2 Rd7+ 41. Ke2 Rc2+ 0-1

[Event "BL 1415 (Women)"]
[Site "Germany"]
[Date "2014.11.29"]
[Round "3.2"]
[White "Schleining, Zoya"]
[Black "Mikulewicz, Joanna"]
[Result "1-0"]
[WhiteElo "2354"]
[BlackElo "2086"]
[PlyCount "83"]
[EventDate "2014.09.27"]
[EventType "team-tourn"]
[EventRounds "11"]
[EventCountry "GER"]
[SourceTitle "CBM 166 Extra"]
[Source "ChessBase"]
[SourceDate "2015.06.18"]
[SourceVersion "1"]
[SourceVersionDate "2015.06.18"]
[SourceQuality "1"]
[WhiteTeam "Deizisau (W)"]
[BlackTeam "Leipzig Allianz (W)"]
[WhiteTeamCountry "GER"]
[BlackTeamCountry "GER"]

1. Nf3 Nf6 2. c4 g6 3. Nc3 Bg7 4. e4 d6 5. d4 0-0 6. Be2 e5 7. d5 a5 8. Bg5 Qe8 9. Nd2 Na6 10. 0-0 Nd7 11. a3 f6 12. Be3 f5 13. f3 f4 14. Bf2 g5 15. b4 Qh5 16. Re1 Rf6 17. Nf1 Rh6 18. Kh1 Nf6 19. Bg1 g4 20. fxg4 Nxg4 21. Bf3 Bd7 22. c5 Qh4 23. c6 bxc6 24. dxc6 Be6 25. Qe2 Kh8 26. Rab1 Bf8 27. Nd5 Nf6 28. b5 Bxd5 29. exd5 Nc5 30. Bxc5 dxc5 31. Qxe5 Bd6 32. Qb2 Kg8 33. Re6 Kf7 34. b6 Rb8 35. b7 Ne8 36. Rxh6 Qxh6 37. Re1 Ng7 38. Qe2 Qg5 39. Nd2 Nf5 40. Qe6+ Kg7 41. Qd7+ Kf8 42. Qc8+ 1-0

[Event "POL-chT 69th"]
[Site "Poland"]
[Date "2013.05.24"]
[Round "1"]
[White "Mikulewicz, Joanna"]
[Black "Korosciel, Aneta"]
[Result "1/2-1/2"]
[WhiteElo "2117"]
[BlackElo "2069"]
[PlyCount "91"]
[EventDate "2013.05.24"]
[EventType "team-tourn"]
[EventRounds "9"]
[EventCountry "POL"]
[SourceTitle "CBM 154 Extra"]
[Source "ChessBase"]
[SourceDate "2013.06.25"]
[SourceVersion "2"]
[SourceVersionDate "2013.06.25"]
[SourceQuality "1"]
[WhiteTeam "Ostroda"]
[BlackTeam "Kozuchow Odrodzenie"]
[WhiteTeamCountry "POL"]
[BlackTeamCountry "POL"]

1. e4 e5 2. Nf3 Nf6 3. Nxe5 d6 4. Nf3 Nxe4 5. d4 d5 6. Bd3 Be7 7. 0-0 Nc6 8. Nc3 Nxc3 9. bxc3 0-0 10. Re1 Bg4 11. Bf4 h6 12. h3 Bh5 13. Rb1 Rb8 14. Re3 Bd6 15. Bxd6 Qxd6 16. Qe2 Nd8 17. Re5 Bg6 18. Bxg6 fxg6 19. Re1 g5 20. c4 dxc4 21. Qxc4+ Kh7 22. R1e3 Nc6 23. Re6 Qf4 24. R6e4 Qd6 25. d5 Nd8 26. h4 gxh4 27. Qd3 Kg8 28. Nxh4 c6 29. c4 b5 30. dxc6 Qxc6 31. Qd5+ Kh7 32. Qxc6 Nxc6 33. Nf3 bxc4 34. Rxc4 Rfc8 35. Rec3 Ne7 36. Rxc8 Rxc8 37. Rxc8 Nxc8 38. Nd4 Nb6 39. Nc6 Nc8 40. Kf1 Kg6 41. Ke2 Kf5 42. Ke3 g5 43. f3 h5 44. g4+ hxg4 45. Nd4+ Kf6 46. fxg4 1/2-1/2

[Event "POL-chT"]
[Site "Warsaw"]
[Date "2012.05.05"]
[Round "2.2"]
[White "Mikulewicz, Joanna"]
[Black "Chlost, Marlena"]
[Result "1/2-1/2"]
[WhiteElo "2100"]
[BlackElo "2191"]
[PlyCount "114"]
[EventDate "2012.05.04"]
[EventType "team-tourn"]
[EventRounds "9"]
[EventCountry "POL"]
[SourceTitle "CBM 148 Extra"]
[Source "ChessBase"]
[SourceDate "2012.06.22"]
[SourceVersion "1"]
[SourceVersionDate "2012.06.22"]
[SourceQuality "1"]
[WhiteTeam "Ostroda"]
[BlackTeam "Poznan Pocztowiec"]
[WhiteTeamCountry "POL"]
[BlackTeamCountry "POL"]

1. e4 c5 2. Nf3 d6 3. d4 cxd4 4. Nxd4 Nf6 5. Nc3 a6 6. Be2 e6 7. 0-0 Be7 8. Be3 0-0 9. a4 Qc7 10. Kh1 b6 11. f4 Bb7 12. Bf3 Nbd7 13. Qe1 Rfe8 14. Nb3 Nc5 15. Nd2 Bf8 16. Qf2 Rab8 17. Qg3 Bc6 18. Bd4 e5 19. fxe5 dxe5 20. Be3 Qb7 21. Qf2 Kh8 22. Qh4 b5 23. axb5 axb5 24. Qf2 Ncxe4 25. Ndxe4 Nxe4 26. Bxe4 Bxe4 27. Ra7 Qc6 28. Rxf7 Bd6 29. Nxe4 Qxe4 30. Bh6 Rg8 31. Rxg7 Rxg7 32. Bxg7+ Kxg7 33. Qf6+ Kg8 34. Qf7+ Kh8 35. Qf6+ Kg8 36. Qxd6 Re8 37. Qd7 Qg6 38. Qxb5 e4 39. Qd5+ Kg7 40. Re1 Qf6 41. c3 e3 42. Qd4 Qxd4 43. cxd4 Kf6 44. Kg1 Kf5 45. Kf1 Ke4 46. Rd1 Rb8 47. d5 Rxb2 48. Ra1 Rf2+ 49. Kg1 Rd2 50. Kf1 Rf2+ 51. Kg1 Rd2 52. Kf1 Rf2+ 53. Kg1 Rf6 54. Ra2 h5 55. h3 h4 56. Ra4+ Ke5 57. Ra3 Kd4 1/2-1/2

[Event "POL-chT (Women) 4th"]
[Site "Wroclaw"]
[Date "2011.12.04"]
[Round "4"]
[White "Guzik, Jolanta"]
[Black "Mikulewicz, Joanna"]
[Result "1/2-1/2"]
[WhiteElo "2159"]
[BlackElo "2109"]
[PlyCount "109"]
[EventDate "2011.12.02"]
[EventType "team-swiss"]
[EventRounds "5"]
[EventCountry "POL"]
[SourceTitle "EXT 2019"]
[Source "ChessBase"]
[SourceDate "2018.10.10"]
[SourceVersion "1"]
[SourceVersionDate "2018.10.10"]
[SourceQuality "1"]
[WhiteTeam "Jaworzno JKSz MCKiS (W)"]
[BlackTeam "Gorzow Wielkopolski Stilon (W)"]
[WhiteTeamCountry "POL"]
[BlackTeamCountry "POL"]

1. c4 c5 2. Nc3 Nc6 3. g3 g6 4. Bg2 Bg7 5. a3 e6 6. e4 Nge7 7. Nge2 0-0 8. d3 b6 9. Be3 Bb7 10. d4 d6 11. 0-0 e5 12. dxc5 dxc5 13. Nd5 Nd4 14. Nec3 Qd7 15. f4 exf4 16. gxf4 Rad8 17. Bf2 Ba6 18. Nxe7+ Qxe7 19. Qa4 Bc8 20. Rae1 Bg4 21. Nd5 Qd7 22. Qxd7 Rxd7 23. e5 Nf5 24. h3 Bh5 25. Be4 Kh8 26. Bxf5 gxf5 27. Bh4 Bg6 28. Rd1 Bh5 29. Rde1 Bg6 30. Kf2 b5 31. b3 bxc4 32. bxc4 Rb8 33. Rb1 Rdb7 34. Rxb7 Rxb7 35. Re1 Rb3 36. Re3 Rb2+ 37. Kg3 Bf8 38. Bf6+ Kg8 39. Kh4 Rc2 40. Rc3 Rb2 41. Rd3 Rb7 42. Ne3 Be7 43. Bxe7 Rxe7 44. Rd8+ Kg7 45. Nd5 Rb7 46. Nf6 Rb3 47. Kg5 Rg3+ 48. Kh4 Rc3 49. Rg8+ Kh6 50. Rc8 Rxc4 51. Kg3 Rc3+ 52. Kg2 Rxa3 53. Rxc5 Ra2+ 54. Kg3 Ra3+ 55. Kg2 1/2-1/2

[Event "POL-chT1"]
[Site "Mrzezyno"]
[Date "2011.09.03"]
[Round "1"]
[White "Leszner, Liliana"]
[Black "Mikulewicz, Joanna"]
[Result "0-1"]
[WhiteElo "2087"]
[BlackElo "2095"]
[PlyCount "116"]
[EventDate "2011.09.03"]
[EventType "team-tourn"]
[EventRounds "9"]
[EventCountry "POL"]
[SourceTitle "CBM 144 Extra"]
[Source "ChessBase"]
[SourceDate "2011.10.28"]
[SourceVersion "1"]
[SourceVersionDate "2011.10.28"]
[SourceQuality "1"]
[WhiteTeam "Gostynin Gostmat 83 "]
[BlackTeam "Ostroda Ostrodzianka"]
[WhiteTeamCountry "POL"]
[BlackTeamCountry "POL"]

1. e4 c5 2. Nc3 d6 3. g3 Nc6 4. Bg2 g6 5. d3 Bg7 6. Be3 e6 7. Qd2 Nge7 8. Bh6 Bf6 9. Nf3 Nd4 10. 0-0 Nec6 11. h3 Nxf3+ 12. Bxf3 Nd4 13. Bg2 Bd7 14. Rae1 Bc6 15. Nd5 Bxd5 16. exd5 e5 17. f4 Nf5 18. fxe5 Bxe5 19. Bf4 0-0 20. Bxe5 dxe5 21. g4 Nd6 22. Rxe5 Qc7 23. Rfe1 Rae8 24. Rxe8 Rxe8 25. Rxe8+ Nxe8 26. c4 Qe5 27. Qf2 b6 28. Bf3 Nd6 29. Kg2 Kg7 30. b4 Nb7 31. a3 h6 32. Be4 Qd4 33. Qf4 Qb2+ 34. Kg3 Qf6 35. bxc5 bxc5 36. Qc7 Qd6+ 37. Qxd6 Nxd6 38. Kf4 Kf6 39. h4 g5+ 40. hxg5+ hxg5+ 41. Ke3 Ke5 42. Bh7 f6 43. Bg6 Nb7 44. Bf5 Na5 45. d4+ cxd4+ 46. Kd3 Nb7 47. Bc8 Nc5+ 48. Kd2 Ne4+ 49. Kd3 a5 50. Bf5 Nc5+ 51. Kd2 Kd6 52. Bc8 Na4 53. Kd3 Ke5 54. Kc2 Nb6 55. Ba6 f5 56. gxf5 a4 57. d6 Nd7 58. Bb7 Kxd6 0-1

[Event "Ostroda op 8th"]
[Site "Ostroda"]
[Date "2011.08.11"]
[Round "9"]
[White "Mikulewicz, Joanna"]
[Black "Dobrowolski, Marcin"]
[Result "1/2-1/2"]
[WhiteElo "2113"]
[BlackElo "1945"]
[PlyCount "42"]
[EventDate "2011.08.04"]
[EventType "swiss"]
[EventRounds "9"]
[EventCountry "POL"]
[SourceTitle "CBM 143 Extra"]
[Source "ChessBase"]
[SourceDate "2011.08.29"]
[SourceVersion "1"]
[SourceVersionDate "2011.08.29"]
[SourceQuality "1"]

1. e4 g6 2. d4 Bg7 3. Nc3 c6 4. Nf3 d5 5. exd5 cxd5 6. Bf4 Nf6 7. Be2 0-0 8. 0-0 Bg4 9. h3 Bxf3 10. Bxf3 Nc6 11. Be3 e6 12. Ne2 Rc8 13. c3 b5 14. Qd3 Qa5 15. Nc1 b4 16. Nb3 Qd8 17. Bd2 bxc3 18. bxc3 Nd7 19. Rfb1 Na5 20. Nxa5 Qxa5 21. Be2 Nb6 1/2-1/2

[Event "Ostroda op 8th"]
[Site "Ostroda"]
[Date "2011.08.09"]
[Round "7"]
[White "Uscinski, Marek"]
[Black "Mikulewicz, Joanna"]
[Result "1/2-1/2"]
[WhiteElo "1882"]
[BlackElo "2113"]
[PlyCount "57"]
[EventDate "2011.08.04"]
[EventType "swiss"]
[EventRounds "9"]
[EventCountry "POL"]
[SourceTitle "CBM 143 Extra"]
[Source "ChessBase"]
[SourceDate "2011.08.29"]
[SourceVersion "1"]
[SourceVersionDate "2011.08.29"]
[SourceQuality "1"]

1. Nf3 Nf6 2. d4 g6 3. Nbd2 Bg7 4. c3 0-0 5. e3 d6 6. Be2 Nbd7 7. 0-0 e5 8. dxe5 Nxe5 9. Nxe5 dxe5 10. e4 c6 11. Qc2 Qc7 12. Nb3 Re8 13. h3 b6 14. a4 Be6 15. Nd2 Rad8 16. Nf3 h6 17. Nh2 Nd7 18. Ng4 Bxg4 19. Bxg4 Nc5 20. Be3 Ne6 21. Rfd1 Qe7 22. Rxd8 Rxd8 23. Rd1 Rxd1+ 24. Qxd1 Nc5 25. Bxc5 Qxc5 26. Qd3 Bf8 27. b4 Qd6 28. Qxd6 Bxd6 29. Bd7 1/2-1/2

[Event "Ostroda op 8th"]
[Site "Ostroda"]
[Date "2011.08.08"]
[Round "6"]
[White "Mikulewicz, Joanna"]
[Black "Bugalski, Michal"]
[Result "1/2-1/2"]
[WhiteElo "2113"]
[BlackElo "2240"]
[PlyCount "59"]
[EventDate "2011.08.04"]
[EventType "swiss"]
[EventRounds "9"]
[EventCountry "POL"]
[SourceTitle "CBM 143 Extra"]
[Source "ChessBase"]
[SourceDate "2011.08.29"]
[SourceVersion "1"]
[SourceVersionDate "2011.08.29"]
[SourceQuality "1"]

1. e4 e6 2. d4 d5 3. Nc3 Bb4 4. Nge2 dxe4 5. a3 Bxc3+ 6. Nxc3 Nf6 7. Bg5 h6 8. Bxf6 Qxf6 9. Nxe4 Qe7 10. Bd3 0-0 11. 0-0 Nd7 12. Re1 b6 13. Qe2 Bb7 14. Rad1 Rfd8 15. c3 c5 16. dxc5 Nxc5 17. Nxc5 Qxc5 18. Be4 Bxe4 19. Qxe4 Rac8 20. h3 b5 21. Rd3 Qc4 22. Rxd8+ Rxd8 23. Qxc4 bxc4 24. Re4 Rd1+ 25. Kh2 Rd2 26. Kg3 Rxb2 27. Rxc4 Rb3 28. a4 Ra3 29. f3 a5 30. Kf4 1/2-1/2

[Event "Ostroda op 8th"]
[Site "Ostroda"]
[Date "2011.08.05"]
[Round "3"]
[White "Mikulewicz, Joanna"]
[Black "Wodzynski, Mieszko"]
[Result "1-0"]
[WhiteElo "2113"]
[BlackElo "1776"]
[PlyCount "53"]
[EventDate "2011.08.04"]
[EventType "swiss"]
[EventRounds "9"]
[EventCountry "POL"]
[SourceTitle "CBM 143 Extra"]
[Source "ChessBase"]
[SourceDate "2011.08.29"]
[SourceVersion "1"]
[SourceVersionDate "2011.08.29"]
[SourceQuality "1"]

1. e4 e5 2. Nf3 Nc6 3. Bb5 a6 4. Bxc6 dxc6 5. 0-0 Bg4 6. h3 Bxf3 7. Qxf3 Nf6 8. c3 Qd7 9. Rd1 0-0-0 10. d4 c5 11. d5 Be7 12. Nd2 b5 13. a4 c6 14. axb5 axb5 15. c4 cxd5 16. cxd5 Kb7 17. Nb3 Ra8 18. Rxa8 Kxa8 19. Be3 Qc7 20. Ra1+ Kb7 21. Na5+ Kb6 22. Nc6 Rb8 23. b4 Bd6 24. bxc5+ Bxc5 25. Bxc5+ Kxc5 26. Qc3+ Kd6 27. Qxe5+ 1-0

[Event "Ostroda op 8th"]
[Site "Ostroda"]
[Date "2011.08.04"]
[Round "1"]
[White "Mikulewicz, Joanna"]
[Black "Szymanowski, Mateusz"]
[Result "0-1"]
[WhiteElo "2113"]
[BlackElo "1783"]
[PlyCount "116"]
[EventDate "2011.08.04"]
[EventType "swiss"]
[EventRounds "9"]
[EventCountry "POL"]
[SourceTitle "CBM 143 Extra"]
[Source "ChessBase"]
[SourceDate "2011.08.29"]
[SourceVersion "1"]
[SourceVersionDate "2011.08.29"]
[SourceQuality "1"]

1. e4 c5 2. Nf3 d6 3. d4 cxd4 4. Nxd4 Nf6 5. Nc3 a6 6. a4 e5 7. Nb3 Be6 8. Be2 Nbd7 9. Be3 Be7 10. 0-0 0-0 11. Kh1 Rc8 12. Nd2 Qc7 13. f4 exf4 14. Bxf4 Ne5 15. Nf3 Rfd8 16. Nd4 Kh8 17. a5 Nc4 18. Nxe6 fxe6 19. Bxc4 Qxc4 20. Qd3 d5 21. Qxc4 Rxc4 22. exd5 Nxd5 23. Nxd5 exd5 24. c3 Bf6 25. Rad1 d4 26. cxd4 Rcxd4 27. Rxd4 Bxd4 28. g3 Kg8 29. Rc1 Rd7 30. b3 Kf7 31. Kg2 Ke6 32. Rc4 Be5 33. Re4 Rd5 34. b4 Kf5 35. Rc4 Bxf4 36. Rxf4+ Ke6 37. Kf3 Rf5 38. Rxf5 Kxf5 39. h3 g5 40. Ke3 Ke5 41. Kf3 h5 42. Ke3 Kd5 43. Kd3 Ke5 44. Ke3 Kf5 45. Kf3 g4+ 46. hxg4+ hxg4+ 47. Ke3 Ke5 48. Kd3 Kd5 49. Ke3 Kc4 50. Kf4 Kxb4 51. Kxg4 Kxa5 52. Kf4 b5 53. g4 b4 54. Ke3 Ka4 55. g5 b3 56. g6 b2 57. g7 b1Q 58. g8Q Qb3+ 0-1

[Event "POL-chT (Women) 3rd"]
[Site "Wroclaw"]
[Date "2010.11.11"]
[Round "1"]
[White "Mikulewicz, Joanna"]
[Black "Cyfka, Karina"]
[Result "0-1"]
[WhiteElo "2119"]
[BlackElo "2241"]
[PlyCount "74"]
[EventDate "2010.11.09"]
[EventType "team-tourn"]
[EventRounds "5"]
[EventCountry "POL"]
[SourceTitle "EXT 2019"]
[Source "ChessBase"]
[SourceDate "2018.10.10"]
[SourceVersion "1"]
[SourceVersionDate "2018.10.10"]
[SourceQuality "1"]
[WhiteTeam "Gorzow Wielkopolski Stilon (W)"]
[BlackTeam "Rybnik Preferow MKSz (W)"]
[WhiteTeamCountry "POL"]
[BlackTeamCountry "POL"]

1. e4 e5 2. Nf3 Nc6 3. Bb5 a6 4. Bxc6 dxc6 5. 0-0 Ne7 6. d4 exd4 7. Nxd4 c5 8. Nb3 Qxd1 9. Rxd1 Ng6 10. Be3 b6 11. Nc3 Bd7 12. a4 a5 13. Nd5 0-0-0 14. Nd2 Ne7 15. Nc4 Nxd5 16. exd5 Bf5 17. Rd2 Bd6 18. c3 Rhe8 19. f3 h5 20. Nxd6+ Rxd6 21. Kf2 c4 22. Bf4 Rf6 23. Be3 Bd3 24. b3 Rd6 25. bxc4 Bxc4 26. Rd4 Bxd5 27. Re1 Rd7 28. c4 Bc6 29. Rxd7 Bxd7 30. c5 Kb7 31. cxb6 cxb6 32. Rb1 Re6 33. Ra1 Rc6 34. Ra2 Bf5 35. Ra3 Bc2 36. Bd4 g6 37. Ra2 Rc4 0-1

[Event "POL-chT 1st League"]
[Site "Ustron"]
[Date "2009.09.18"]
[Round "7"]
[White "Toma, Katarzyna"]
[Black "Mikulewicz, Joanna"]
[Result "1/2-1/2"]
[WhiteElo "2262"]
[BlackElo "2122"]
[PlyCount "100"]
[EventDate "2009.09.12"]
[EventType "team-swiss"]
[EventRounds "9"]
[EventCountry "POL"]
[SourceTitle "CBM 132 Extra"]
[Source "ChessBase"]
[SourceDate "2009.11.03"]
[SourceVersion "1"]
[SourceVersionDate "2009.11.03"]
[SourceQuality "1"]
[WhiteTeam "Lublin Drakon SKOK Chmielewskiego"]
[BlackTeam "Gdynia Korsarz"]
[WhiteTeamCountry "POL"]
[BlackTeamCountry "POL"]

1. e4 c5 2. Nf3 d6 3. d4 cxd4 4. Nxd4 Nf6 5. Nc3 e6 6. Be2 Be7 7. 0-0 0-0 8. f4 a6 9. a4 Qc7 10. Kh1 Nc6 11. Be3 Re8 12. Bd3 Nxd4 13. Bxd4 e5 14. fxe5 dxe5 15. Be3 Be6 16. Qf3 Ng4 17. Nd5 Bxd5 18. exd5 Nf6 19. Qg3 Qd6 20. c4 e4 21. Bf4 Qb4 22. Be2 Rad8 23. b3 Bd6 24. Rac1 Bxf4 25. Qxf4 e3 26. Rcd1 Qd6 27. Qf3 Re5 28. Rd4 Rde8 29. Qg3 Qb6 30. Qf4 Qd6 31. b4 Qxb4 32. d6 Qc5 33. Rb1 b6 34. d7 Rd8 35. Rxb6 Qxb6 36. Qxe5 Rxd7 37. Rxd7 Nxd7 38. Qe8+ Nf8 39. h3 g6 40. Bf3 Qe6 41. Qxe6 Nxe6 42. Kg1 Kf8 43. Kf1 Nd4 44. Bd5 f5 45. a5 Nb3 46. g3 g5 47. c5 Nxc5 48. Ke2 f4 49. gxf4 gxf4 50. Bc4 Nb7 1/2-1/2

[Event "POL-chT 1st League"]
[Site "Ustron"]
[Date "2009.09.14"]
[Round "3"]
[White "Zawadzka, Beata"]
[Black "Mikulewicz, Joanna"]
[Result "1/2-1/2"]
[WhiteElo "2285"]
[BlackElo "2122"]
[PlyCount "41"]
[EventDate "2009.09.12"]
[EventType "team-swiss"]
[EventRounds "9"]
[EventCountry "POL"]
[SourceTitle "CBM 132 Extra"]
[Source "ChessBase"]
[SourceDate "2009.11.03"]
[SourceVersion "1"]
[SourceVersionDate "2009.11.03"]
[SourceQuality "1"]
[WhiteTeam "Gorzow Wielkopolski Stilon"]
[BlackTeam "Gdynia Korsarz"]
[WhiteTeamCountry "POL"]
[BlackTeamCountry "POL"]

1. e4 e6 2. d4 d5 3. Nc3 dxe4 4. Nxe4 Qd5 5. Bd3 Nf6 6. Nxf6+ gxf6 7. Nf3 Rg8 8. 0-0 Nc6 9. c4 Qh5 10. Bf4 Bd6 11. Bg3 e5 12. dxe5 fxe5 13. Be4 Bg4 14. c5 Be7 15. Re1 f6 16. b4 Nd4 17. Bxb7 Bxf3 18. Bxf3 Nxf3+ 19. gxf3 Rd8 20. Qb3 Rf8 21. Kh1 1/2-1/2

[Event "POL-chT 1st League"]
[Site "Ustron"]
[Date "2009.09.12"]
[Round "1"]
[White "Zdziarska, Lidia"]
[Black "Mikulewicz, Joanna"]
[Result "1/2-1/2"]
[WhiteElo "1979"]
[BlackElo "2122"]
[PlyCount "52"]
[EventDate "2009.09.12"]
[EventType "team-swiss"]
[EventRounds "9"]
[EventCountry "POL"]
[SourceTitle "CBM 132 Extra"]
[Source "ChessBase"]
[SourceDate "2009.11.03"]
[SourceVersion "1"]
[SourceVersionDate "2009.11.03"]
[SourceQuality "1"]
[WhiteTeam "Warszawa YMCA"]
[BlackTeam "Gdynia Korsarz"]
[WhiteTeamCountry "POL"]
[BlackTeamCountry "POL"]

1. e4 c5 2. Nf3 d6 3. d4 cxd4 4. Nxd4 Nf6 5. Nc3 Nc6 6. Bc4 e6 7. 0-0 Be7 8. Kh1 a6 9. Be2 0-0 10. f4 Qc7 11. Be3 Re8 12. Nb3 b5 13. a3 Bb7 14. Bf3 Bf8 15. Qe1 b4 16. axb4 Nxb4 17. Qf2 d5 18. e5 Ne4 19. Bxe4 dxe4 20. Na5 Bd5 21. Bb6 Qc8 22. Rfe1 Rb8 23. Ba7 Ra8 24. Bb6 Rb8 25. Ba7 Ra8 26. Bb6 Rb8 1/2-1/2